Statistics for Scottish roads

Click here to take the quiz!

General Stats

  • This quiz has been taken 24 times
  • The average score is 11 of 15

Answer Stats

TownsRoad number% Correct
Carlisle and EdinburghA7
94%
Thurso and StirlingA9
94%
Glasgow and KilmarnockM77
94%
Ayr and StranraerA77
88%
Berwick and EdinburghA1
81%
Inverness and GlasgowA82
81%
Perth and EdinburghM90
81%
Aberdeen and InvernessA96
69%
Dumfries and KilmarnockA76
63%
Oban and DundeeA85
63%
Irvine and EdinburghA71
56%
Tarbet and CampbeltownA83
56%
Edinburgh and JedburghA68
44%
Stirling and LochearnheadA84
44%
Bonnybridge and KincardineM876
44%

Score Distribution

Percentile by Number Answered

Percent of People with Each Score

Your Score History

You have not taken this quiz